000 00545nam a2200193 a 4500
001 1771666227227
003 YourLibrary
005 20260221150217.0
008 260221s2003##################000#0#eng##
020 _a9783540401476
082 0 4 _a338.64209
_bHIT
100 1 _aHitchens, David,
_eauthor.
245 1 0 _aSmall and Medium Sized Companies in Europe :
260 _bSpringer Science & Business Media,
_c2003.
300 _a260 pages
650 0 _aBusiness & Economics.
942 _cENGLISH
040 _aYourLibrary
_beng
_cYourLibrary
999 _c615267
_d615267